Memoria, con anexos correspondientes, que presenta el gobierno provincial, ciudadano Manuel de J. Castillo S. al Consejo Provincial de Santo Domingo y al Hon. secretario de E. de Interior, Policia, Guerra y Marina de la labor efectuada entre el 12 de julio y el 31 de diciembre de 1924 / (Registro nro. 31817)
[ vista simple ]
| 000 -CABECERA | |
|---|---|
| campo de control de longitud fija | 00679nam a2200145 a 4500 |
| 001 - NÚMERO DE CONTROL | |
| campo de control | 000032326 |
| 005 - FECHA Y HORA DE LA ÚLTIMA TRANSACCIÓN | |
| campo de control | 20200930065601.0 |
| 008 - DATOS DE LONGITUD FIJA--INFORMACIÓN GENERAL | |
| campo de control de longitud fija | 110714s1924 dr 000 0 spa d |
| 040 ## - FUENTE DE LA CATALOGACIÓN | |
| Centro catalogador/agencia de origen | DO-SdBNP |
| Lengua de catalogación | spa |
| Centro/agencia transcriptor | BNPHU |
| 049 ## - FONDOS LOCALES (OCLC) | |
| Fondos de biblioteca | BNPD |
| 100 1# - ENTRADA PRINCIPAL--NOMBRE DE PERSONA | |
| Nombre de persona | Castillo S., Manuel de J. |
| 9 (RLIN) | 58337 |
| 245 10 - MENCIÓN DE TÍTULO | |
| Título | Memoria, con anexos correspondientes, que presenta el gobierno provincial, ciudadano Manuel de J. Castillo S. al Consejo Provincial de Santo Domingo y al Hon. secretario de E. de Interior, Policia, Guerra y Marina de la labor efectuada entre el 12 de julio y el 31 de diciembre de 1924 / |
| Mención de responsabilidad, etc. | Manuel de J. Castillo S. |
| 260 ## - PUBLICACIÓN, DISTRIBUCIÓN, ETC. | |
| Lugar de publicación, distribución, etc. | Santo Domingo : |
| Nombre del editor, distribuidor, etc. | [s.n.], |
| Fecha de publicación, distribución, etc. | [1924]. |
| 300 ## - DESCRIPCIÓN FÍSICA | |
| Extensión | 103 p. ; |
| Dimensiones | 27 cm. |
| Estado de retiro | Estado de pérdida | Restricciones de uso | No para préstamo | Código de colección | Localización permanente | Ubicación/localización actual | Ubicación en estantería | Fecha de adquisición | Número de inventario | Total de préstamos | Signatura topográfica completa | Código de barras | Fecha visto por última vez | Precio válido a partir de | Tipo de ítem Koha | Nota pública |
|---|---|---|---|---|---|---|---|---|---|---|---|---|---|---|---|---|
| Excluido de préstamo | Raros y valiosos | Patrimonio Dominicano | Patrimonio Dominicano | En catalogación | 14.07.2011 | LF1 | 32326-10 | 25.06.2020 | 25.06.2020 | No se presta | Perteneció a la biblioteca personal de Julio Ortega Frier. |
